[Event "17. Europa ch Juvenil - Masculino s14"]
[Site "Sibenik CRO"]
[Date "2007.09.16"]
[Round "3.7"]
[White "Zherebukh, Yaroslav"]
[Black "Firat, Burak"]
[Result "1/2-1/2"]
[WhiteElo "2418"]
[BlackElo "2113"]
[PlyCount "110"]
[EventDate "2007.09.14"]
[EventType "swiss"]
[EventRounds "9"]
[EventCountry "CRO"]
[Source "lmi"]
[SourceDate "2007.09.14"]

1. e4 c5 2. Nf3 Nc6 3. d4 cxd4 4. Nxd4 Nf6 5. Nc3 e5 6. Ndb5 d6 7. Bg5 a6 8.
Na3 b5 9. Nd5 Be7 10. Bxf6 Bxf6 11. c3 Bg5 12. Nc2 Ne7 13. a4 bxa4 14. Ncb4 O-O
15. Qxa4 a5 16. Bb5 Nxd5 17. Nxd5 Be6 18. Bc6 Rb8 19. Ra2 Kh8 20. O-O f5 21.
exf5 Bxf5 22. b4 axb4 23. cxb4 Be4 24. b5 Bxd5 25. Bxd5 Qb6 26. Rb1 Rf4 27. Qa7
Qxa7 28. Rxa7 Rd4 29. Ra8 Rxa8 30. Bxa8 Bd8 31. Rc1 Kg8 32. g3 Kf7 33. Rc8 Bb6
34. Rb8 Bc5 35. b6 Rd1+ 36. Kg2 Rd2 37. Be4 d5 38. b7 Rxf2+ 39. Kh3 dxe4 40.
Rf8+ Bxf8 41. b8=Q Rf6 42. Qb7+ Be7 43. Qd5+ Re6 44. Kg4 e3 45. Kf5 g6+ 46. Ke4
Kf6 47. Qb5 Kf7 48. h4 h5 49. Qf1+ Bf6 50. Qc4 e2 51. Qxe2 Rd6 52. Qc4+ Ke7 53.
Qb4 Ke6 54. Qb3+ Ke7 55. Qa3 Ke6 1/2-1/2

[Event "17. Europa ch Juvenil - Masculino s14"]
[Site "Sibenik CRO"]
[Date "2007.09.16"]
[Round "3.8"]
[White "Stukopin, Andrey"]
[Black "Stella, Andrea"]
[Result "1-0"]
[WhiteElo "2349"]
[BlackElo "2132"]
[PlyCount "37"]
[EventDate "2007.09.14"]
[EventType "swiss"]
[EventRounds "9"]
[EventCountry "CRO"]
[Source "lmi"]
[SourceDate "2007.09.14"]

1. e4 e6 2. Nf3 d5 3. Nc3 Nf6 4. e5 Nfd7 5. d4 c5 6. dxc5 Nc6 7. Bf4 Bxc5 8.
Bd3 f6 9. exf6 Nxf6 10. Qe2 O-O 11. O-O-O Qa5 12. Kb1 Bd7 13. Ne5 Nxe5 14. Bxe5
b5 15. g4 b4 16. g5 bxc3 17. gxf6 Rab8 18. b3 gxf6 19. Qh5 1-0

[Event "17. Europa ch Juvenil - Masculino s14"]
[Site "Sibenik CRO"]
[Date "2007.09.16"]
[Round "3.9"]
[White "Baghdasaryan, Vahe"]
[Black "Ter-Sahakyan, Samvel"]
[Result "1-0"]
[WhiteElo "2094"]
[BlackElo "2343"]
[PlyCount "111"]
[EventDate "2007.09.14"]
[EventType "swiss"]
[EventRounds "9"]
[EventCountry "CRO"]
[Source "lmi"]
[SourceDate "2007.09.14"]

1. e4 c5 2. Nf3 e6 3. d4 cxd4 4. Nxd4 a6 5. Nc3 Qc7 6. Be2 Nc6 7. Be3 Nf6 8.
O-O Be7 9. f4 d6 10. Kh1 O-O 11. Bf3 Bd7 12. g4 Nxd4 13. Bxd4 Bc6 14. Qe1 b5
15. g5 Nd7 16. Nd5 Bxd5 17. exd5 e5 18. fxe5 dxe5 19. d6 Qxd6 20. Bxa8 exd4 21.
Bg2 Bxg5 22. Rd1 Nf6 23. Rd3 Re8 24. Qg3 Qxg3 25. Rxg3 h6 26. Rd3 Be3 27. Bb7
Re6 28. c3 dxc3 29. Rxc3 Bd4 30. Rc2 g5 31. Rd1 Be5 32. Re1 Rb6 33. Bxa6 Bxb2
34. Rxb2 Rxa6 35. Re5 Kg7 36. Rexb5 Nh5 37. R5b3 Nf4 38. a3 Ra4 39. Ra2 Nd5 40.
Ra1 Kg6 41. Rb5 Ne3 42. Rb4 Ra6 43. Rb3 Nc2 44. Ra2 Nd4 45. Rb7 Rc6 46. a4 Rc1+
47. Kg2 f5 48. a5 f4 49. a6 f3+ 50. Kf2 Rh1 51. Ke3 Nf5+ 52. Kxf3 Rf1+ 53. Ke2
Rh1 54. Kd3 Rd1+ 55. Kc3 Rc1+ 56. Kb2 1-0

[Event "17. Europa ch Juvenil - Masculino s14"]
[Site "Sibenik CRO"]
[Date "2007.09.16"]
[Round "3.10"]
[White "Urkedal, Frode"]
[Black "Nestorovic, Lazar"]
[Result "1-0"]
[WhiteElo "2235"]
[BlackElo "2086"]
[PlyCount "55"]
[EventDate "2007.09.14"]
[EventType "swiss"]
[EventRounds "9"]
[EventCountry "CRO"]
[Source "lmi"]
[SourceDate "2007.09.14"]

1. d4 c5 2. d5 Nf6 3. Nc3 e5 4. e4 d6 5. Nf3 g6 6. Be2 Bg7 7. Be3 O-O 8. Nd2 a6
9. a4 Ne8 10. O-O f5 11. exf5 gxf5 12. f4 Nd7 13. fxe5 Nxe5 14. Nc4 Ng6 15. Bd3
Rb8 16. a5 Nc7 17. Nb6 Re8 18. Bd2 Qh4 19. Ra4 Bd4+ 20. Kh1 Ne5 21. Be2 Ng4 22.
Bxg4 Qxg4 23. Rf3 Kh8 24. Ne2 Qg7 25. Nxd4 cxd4 26. Rxd4 Nb5 27. Rh4 Qxb2 28.
c4 1-0

[Event "17. Europa ch Juvenil - Masculino s14"]
[Site "Sibenik CRO"]
[Date "2007.09.16"]
[Round "3.12"]
[White "Lagarde, Maxime"]
[Black "Szabo, Bence"]
[Result "1-0"]
[WhiteElo "2200"]
[BlackElo "2131"]
[PlyCount "71"]
[EventDate "2007.09.14"]
[EventType "swiss"]
[EventRounds "9"]
[EventCountry "CRO"]
[Source "lmi"]
[SourceDate "2007.09.14"]

1. e4 c5 2. Nf3 d6 3. d4 cxd4 4. Nxd4 Nf6 5. Nc3 a6 6. Be3 e5 7. Nb3 Be6 8. f3
Nbd7 9. Qd2 b5 10. O-O-O Nb6 11. Qf2 Nc4 12. Bxc4 Bxc4 13. g4 Be7 14. Kb1 O-O
15. h4 Nd7 16. Nd5 Bxd5 17. Rxd5 Qc7 18. Bg5 f6 19. Be3 Rac8 20. Rc1 Qb8 21.
Nd2 Rc6 22. Nf1 Bd8 23. Ng3 Nb6 24. Bxb6 Bxb6 25. Qd2 Rd8 26. Rxb5 Qc7 27. Rb3
Bc5 28. Nf5 Rc8 29. h5 h6 30. Qd5+ Kh7 31. c3 a5 32. a4 Qd7 33. Rb5 Qc7 34. Rd1
Qd8 35. Rb7 R8c7 36. Rxc7 1-0

[Event "17. Europa ch Juvenil - Masculino s14"]
[Site "Sibenik CRO"]
[Date "2007.09.16"]
[Round "3.13"]
[White "Petenyi, Tamas"]
[Black "Tomazini, Zan"]
[Result "1-0"]
[WhiteElo "2180"]
[BlackElo "2050"]
[PlyCount "63"]
[EventDate "2007.09.14"]
[EventType "swiss"]
[EventRounds "9"]
[EventCountry "CRO"]
[Source "lmi"]
[SourceDate "2007.09.14"]

1. e4 d5 2. exd5 Qxd5 3. Nc3 Qa5 4. d4 Nf6 5. Nf3 Bf5 6. Bd2 c6 7. Ne4 Qd5 8.
Nxf6+ gxf6 9. c4 Qe4+ 10. Be3 e5 11. Qb3 Na6 12. Nd2 Bb4 13. f3 Qh4+ 14. g3 Qh5
15. O-O-O exd4 16. g4 Qh4 17. gxf5 O-O-O 18. Bg1 Qf4 19. h4 Rhe8 20. Bf2 Re3
21. Qc2 Rxf3 22. Be1 Ba3 23. Kb1 Re3 24. bxa3 Nc5 25. Nb3 d3 26. Qf2 Qxc4 27.
Rc1 Qe4 28. Nxc5 Qe5 29. Bd2 Re4 30. Nxe4 Qb5+ 31. Ka1 Qe5+ 32. Nc3 1-0

[Event "17. Europa ch Juvenil - Masculino s14"]
[Site "Sibenik CRO"]
[Date "2007.09.16"]
[Round "3.14"]
[White "Plat, Vojtech"]
[Black "Filipovic, Ivan"]
[Result "1-0"]
[WhiteElo "2279"]
[BlackElo "1983"]
[PlyCount "61"]
[EventDate "2007.09.14"]
[EventType "swiss"]
[EventRounds "9"]
[EventCountry "CRO"]
[Source "lmi"]
[SourceDate "2007.09.14"]

1. e4 c5 2. Nf3 d6 3. d4 cxd4 4. Nxd4 Nf6 5. Nc3 a6 6. Be2 e6 7. O-O Nc6 8. Be3
Be7 9. Kh1 O-O 10. f4 Qc7 11. Qe1 b5 12. a3 Bb7 13. Qg3 Rac8 14. Nxc6 Qxc6 15.
Bd4 g6 16. Bf3 Qc7 17. Rfd1 Nd7 18. Qh3 Bf6 19. Bxf6 Nxf6 20. Qh4 Nd7 21. f5
Qd8 22. Qxd8 Rfxd8 23. fxe6 fxe6 24. Rxd6 Ne5 25. Rxe6 Nc4 26. Re7 Nxb2 27.
Nxb5 axb5 28. Rxb7 Rxc2 29. Rxb5 Rdd2 30. e5 Rf2 31. Kg1 1-0

[Event "17. Europa ch Juvenil - Masculino s14"]
[Site "Sibenik CRO"]
[Date "2007.09.16"]
[Round "3.15"]
[White "Urjubdshzirov, Erdni"]
[Black "Seitz, Benjamin"]
[Result "1/2-1/2"]
[WhiteElo "2220"]
[BlackElo "1980"]
[PlyCount "107"]
[EventDate "2007.09.14"]
[EventType "swiss"]
[EventRounds "9"]
[EventCountry "CRO"]
[Source "lmi"]
[SourceDate "2007.09.14"]

1. e4 Nf6 2. e5 Nd5 3. d4 d6 4. c4 Nb6 5. exd6 cxd6 6. Nc3 g6 7. Be3 Bg7 8. Rc1
O-O 9. b3 e5 10. dxe5 dxe5 11. c5 N6d7 12. Bc4 Nc6 13. Nge2 Qa5 14. a3 Nd4 15.
b4 Qxa3 16. Nd5 Nxe2 17. Qxe2 Nf6 18. O-O Nxd5 19. Bxd5 Qxb4 20. c6 bxc6 21.
Bxc6 Be6 22. Bc5 Qa5 23. Bxa8 Rxa8 24. Qe3 a6 25. Ra1 Qc7 26. Rfc1 Qd7 27. Rd1
Qc6 28. Rd6 Qb5 29. Rb6 Qd7 30. h3 a5 31. Rxa5 Rxa5 32. Rb8+ Qc8 33. Rxc8+ Bxc8
34. Qc3 Ra8 35. Bd6 Be6 36. Bxe5 Bxe5 37. Qxe5 h5 38. f3 Rd8 39. Qb2 Rd5 40.
Kf2 Rf5 41. Ke3 Rd5 42. g4 Ra5 43. Qb4 Rd5 44. Kf4 g5+ 45. Ke4 hxg4 46. hxg4
Kg7 47. Qc3+ f6 48. f4 gxf4 49. Kxf4 Rg5 50. Qc7+ Kg6 51. Qe7 Rxg4+ 52. Kf3 Kf5
53. Qh7+ Ke5 54. Qc7+ 1/2-1/2

[Event "17. Europa ch Juvenil - Masculino s14"]
[Site "Sibenik CRO"]
[Date "2007.09.16"]
[Round "3.16"]
[White "Kovalev, Vladislav"]
[Black "Feher, Adam"]
[Result "1-0"]
[WhiteElo "2154"]
[BlackElo "1977"]
[PlyCount "67"]
[EventDate "2007.09.14"]
[EventType "swiss"]
[EventRounds "9"]
[EventCountry "CRO"]
[Source "lmi"]
[SourceDate "2007.09.14"]

1. e4 Nf6 2. e5 Nd5 3. d4 d6 4. Nf3 Nb6 5. a4 a5 6. exd6 exd6 7. Bd3 Be7 8. O-O
O-O 9. h3 Be6 10. Re1 Nc6 11. c3 Re8 12. Nbd2 d5 13. Nf1 Nd7 14. Ng3 Nf8 15.
Nh5 Ng6 16. Qc2 Bd6 17. Bd2 Qc8 18. Ng5 Nd8 19. Re2 c6 20. Rae1 Qc7 21. g3 c5
22. dxc5 Bxc5 23. Kh2 Qb6 24. f4 h6 25. Nxe6 Rxe6 26. Rxe6 Nxe6 27. Bxg6 fxg6
28. Qxg6 Qxb2 29. Qxe6+ Kh8 30. Qxd5 Bb6 31. Qd7 Rg8 32. Re8 Qxd2+ 33. Qxd2
Rxe8 34. Kg2 1-0

[Event "17. Europa ch Juvenil - Masculino s14"]
[Site "Sibenik CRO"]
[Date "2007.09.16"]
[Round "3.17"]
[White "Raznikov, Danny"]
[Black "Azad, Razik"]
[Result "1-0"]
[WhiteElo "2154"]
[BlackElo "1976"]
[PlyCount "69"]
[EventDate "2007.09.14"]
[EventType "swiss"]
[EventRounds "9"]
[EventCountry "CRO"]
[Source "lmi"]
[SourceDate "2007.09.14"]

1. d4 Nf6 2. Nf3 g6 3. c4 Bg7 4. Nc3 d5 5. cxd5 Nxd5 6. e4 Nxc3 7. bxc3 c5 8.
Rb1 O-O 9. Be2 cxd4 10. cxd4 Qa5+ 11. Bd2 Qxa2 12. O-O Bg4 13. Be3 Nc6 14. d5
Bxf3 15. Bxf3 Ne5 16. Be2 Nc4 17. Bg5 Nd6 18. Bd3 f6 19. Bf4 Rfb8 20. Re1 a6
21. Ra1 Qb2 22. Qg4 Rd8 23. Qe6+ Kf8 24. Rac1 Ne8 25. d6 Rxd6 26. Bxd6 Nxd6 27.
Bc4 Nxc4 28. Rxc4 Bh6 29. g3 Bd2 30. Rd1 a5 31. e5 fxe5 32. Rh4 Qc2 33. Rxh7
Qf5 34. Qxe7+ Kg8 35. Qg7# 1-0

[Event "17. Europa ch Juvenil - Masculino s14"]
[Site "Sibenik CRO"]
[Date "2007.09.16"]
[Round "3.18"]
[White "Lafosse, Jimmy"]
[Black "Toropov, Pavel"]
[Result "0-1"]
[WhiteElo "1952"]
[BlackElo "2153"]
[PlyCount "54"]
[EventDate "2007.09.14"]
[EventType "swiss"]
[EventRounds "9"]
[EventCountry "CRO"]
[Source "lmi"]
[SourceDate "2007.09.14"]

1. d4 d5 2. c4 c6 3. Nc3 Nf6 4. e3 g6 5. Nf3 Bg7 6. Bd3 O-O 7. O-O Bg4 8. h3
Bxf3 9. Qxf3 e6 10. b3 Re8 11. Bb2 Nbd7 12. Qd1 e5 13. Re1 e4 14. Be2 a6 15.
Rc1 b5 16. c5 Nf8 17. f4 exf3 18. Bxf3 Bh6 19. Qd3 Ra7 20. Rc2 Rae7 21. Bc1 Ne6
22. e4 Bxc1 23. Rexc1 dxe4 24. Bxe4 Nf4 25. Qd2 Rxe4 26. Nxe4 Rxe4 27. d5 Ne2+
0-1

[Event "17. Europa ch Juvenil - Masculino s14"]
[Site "Sibenik CRO"]
[Date "2007.09.16"]
[Round "3.19"]
[White "Dubessay, Bastien"]
[Black "Anaya Lopez, Victor"]
[Result "1-0"]
[WhiteElo "2117"]
[BlackElo "1959"]
[PlyCount "69"]
[EventDate "2007.09.14"]
[EventType "swiss"]
[EventRounds "9"]
[EventCountry "CRO"]
[Source "lmi"]
[SourceDate "2007.09.14"]

1. d4 Nf6 2. c4 c5 3. d5 b5 4. Nf3 Bb7 5. Qc2 d6 6. e4 Nbd7 7. Be2 g6 8. O-O
Bg7 9. Bg5 O-O 10. Nc3 bxc4 11. Nd2 Nb6 12. a4 a5 13. Nxc4 Nxc4 14. Bxc4 Ba6
15. Bxa6 Rxa6 16. Qe2 Rb6 17. Nb5 Ne8 18. Bd2 Rb8 19. Rab1 Qb6 20. b3 Nc7 21.
Na3 Rfc8 22. Nc4 Qa6 23. Bxa5 e6 24. Qd2 Bd4 25. Bxc7 Rxc7 26. Na3 exd5 27. Nb5
Rxb5 28. axb5 Qxb5 29. Qg5 Qc6 30. Qd8+ Kg7 31. exd5 Qb6 32. Qa8 Qb5 33. Qd8
Rd7 34. Qe8 Qb7 35. b4 1-0

[Event "17. Europa ch Juvenil - Masculino s14"]
[Site "Sibenik CRO"]
[Date "2007.09.16"]
[Round "3.20"]
[White "Nikolashvili, Giorgi"]
[Black "Andreev, Sasho"]
[Result "1-0"]
[WhiteElo "2103"]
[BlackElo "1945"]
[PlyCount "96"]
[EventDate "2007.09.14"]
[EventType "swiss"]
[EventRounds "9"]
[EventCountry "CRO"]
[Source "lmi"]
[SourceDate "2007.09.14"]

1. d4 d5 2. c4 c6 3. cxd5 cxd5 4. Nc3 Nc6 5. Nf3 Nf6 6. Bf4 Bf5 7. e3 e6 8. Bb5
Nd7 9. a3 Rc8 10. O-O Be7 11. Rc1 g5 12. Be5 f6 13. Bg3 h5 14. h4 g4 15. Nd2
Nb6 16. Na4 Bd6 17. Bxc6+ Rxc6 18. Rxc6 bxc6 19. Bxd6 Qxd6 20. Qb3 O-O 21. Nc5
e5 22. Qc3 Kg7 23. Rc1 Rf7 24. b4 Re7 25. Ncb3 Bd7 26. Na5 exd4 27. Qxd4 g3 28.
f3 Qe5 29. Qxe5 Rxe5 30. Nf1 Kg6 31. Re1 d4 32. e4 Rb5 33. Nb3 d3 34. Nc5 a5
35. Nxd3 axb4 36. axb4 Nc4 37. Nxg3 Ne5 38. Rd1 Be8 39. Nf4+ Kf7 40. Rd4 Ng6
41. Ngxh5 Nxh4 42. Ng3 Ke7 43. Kf2 Bd7 44. Nge2 Rg5 45. g3 Ng6 46. Nxg6+ Rxg6
47. Ke3 Bh3 48. Nf4 Rh6 1-0

[Event "17. Europa ch Juvenil - Masculino s14"]
[Site "Sibenik CRO"]
[Date "2007.09.16"]
[Round "3.21"]
[White "Kantans, Toms"]
[Black "Manoeuvre, Antoine"]
[Result "1/2-1/2"]
[WhiteElo "1928"]
[BlackElo "2101"]
[PlyCount "69"]
[EventDate "2007.09.14"]
[EventType "swiss"]
[EventRounds "9"]
[EventCountry "CRO"]
[Source "lmi"]
[SourceDate "2007.09.14"]

1. Nf3 Nf6 2. c4 g6 3. g3 Bg7 4. Bg2 d6 5. O-O O-O 6. d4 Nc6 7. b3 a6 8. Bb2
Rb8 9. Nbd2 e5 10. Qc2 Re8 11. dxe5 dxe5 12. Rad1 Qe7 13. Nb1 Bf5 14. Qc1 e4
15. Nh4 Bg4 16. Nc3 Qc5 17. Nd5 Nxd5 18. Rxd5 Qe7 19. Bxg7 Kxg7 20. Qf4 Bc8 21.
Rfd1 Kg8 22. Qh6 Be6 23. Rg5 Rbd8 24. Rxd8 Rxd8 25. h3 Bc8 26. Rd5 Rxd5 27.
cxd5 Nb4 28. Qd2 a5 29. a3 Na6 30. Qxa5 g5 31. d6 Qf6 32. Qa4 Qxd6 33. Qe8+ Qf8
34. Qe5 gxh4 35. Qg5+ 1/2-1/2

[Event "17. Europa ch Juvenil - Masculino s14"]
[Site "Sibenik CRO"]
[Date "2007.09.16"]
[Round "3.22"]
[White "Braun, Marek"]
[Black "Blazeka, Damjan"]
[Result "1-0"]
[WhiteElo "2081"]
[BlackElo "1925"]
[PlyCount "99"]
[EventDate "2007.09.14"]
[EventType "swiss"]
[EventRounds "9"]
[EventCountry "CRO"]
[Source "lmi"]
[SourceDate "2007.09.14"]

1. d4 Nf6 2. c4 g6 3. Nc3 Bg7 4. e4 d6 5. Nf3 O-O 6. Be2 e5 7. Be3 Ng4 8. Bg5
f6 9. Bh4 Nc6 10. d5 Ne7 11. Nd2 Nh6 12. O-O g5 13. Bg3 Ng6 14. b4 f5 15. exf5
Nxf5 16. Bd3 Nf4 17. Nde4 Nxd3 18. Qxd3 Nxg3 19. Nxg3 Qf6 20. f3 Bf5 21. Nce4
Qg6 22. Nxf5 Qxf5 23. g4 Qg6 24. Qe3 Rf4 25. Rac1 a5 26. a3 axb4 27. axb4 h5
28. h3 hxg4 29. hxg4 Qh7 30. Kg2 Ra2+ 31. Rf2 Rxf2+ 32. Qxf2 Rxe4 33. fxe4
Qxe4+ 34. Qf3 Qd4 35. Rf1 Qd2+ 36. Kg3 Qf4+ 37. Qxf4 exf4+ 38. Kf3 Bc3 39. Ke4
Bxb4 40. Rb1 Bc5 41. Rxb7 Bb6 42. c5 Bxc5 43. Rxc7 Be3 44. Rd7 Bc5 45. Re7 Bb4
46. Kf5 Ba5 47. Rd7 f3 48. Kg6 Bb6 49. Rg7+ Kf8 50. Rf7+ 1-0

[Event "17. Europa ch Juvenil - Masculino s14"]
[Site "Sibenik CRO"]
[Date "2007.09.17"]
[Round "4.1"]
[White "Sjugirov, Sanan"]
[Black "Gretarsson, Hjorvar Stein"]
[Result "1-0"]
[WhiteElo "2407"]
[BlackElo "2168"]
[PlyCount "87"]
[EventDate "2007.09.14"]
[EventType "swiss"]
[EventRounds "9"]
[EventCountry "CRO"]
[Source "lmi"]
[SourceDate "2007.09.14"]

1. e4 e6 2. d4 d5 3. Nd2 c5 4. exd5 Qxd5 5. Ngf3 cxd4 6. Bc4 Qd6 7. O-O Nf6 8.
Nb3 Nc6 9. Nbxd4 Nxd4 10. Nxd4 a6 11. Re1 Qc7 12. Qe2 Bd6 13. Bg5 O-O 14. Bd3
Qc5 15. Nf3 h6 16. Bxf6 gxf6 17. Rad1 Kg7 18. Qd2 Rd8 19. Re4 f5 20. Rc4 Qb6
21. Rh4 Rh8 22. Bxf5 Bxh2+ 23. Rxh2 exf5 24. Rh3 Qf6 25. Qf4 Re8 26. Rd6 Re6
27. Rxe6 Bxe6 28. Nd4 Rd8 29. c3 b5 30. Re3 Bc8 31. a3 Rd5 32. Qc7 Rd8 33. Re7
Rf8 34. Ne2 Kg8 35. Nf4 Qg5 36. Re3 Qd8 37. Qe5 f6 38. Qc5 Rf7 39. Qc6 Kh7 40.
Qf3 Qg8 41. Qh5 Rc7 42. Rg3 Qf7 43. Rg6 Qf8 44. Nd5 1-0

[Event "17. Europa ch Juvenil - Masculino s14"]
[Site "Sibenik CRO"]
[Date "2007.09.17"]
[Round "4.2"]
[White "Kanarek, Marcel"]
[Black "Arribas Lopez, Angel"]
[Result "0-1"]
[WhiteElo "2226"]
[BlackElo "2292"]
[PlyCount "72"]
[EventDate "2007.09.14"]
[EventType "swiss"]
[EventRounds "9"]
[EventCountry "CRO"]
[Source "lmi"]
[SourceDate "2007.09.14"]

1. e4 c5 2. Nf3 d6 3. d4 cxd4 4. Nxd4 Nf6 5. Nc3 g6 6. Be3 Bg7 7. f3 O-O 8. Bc4
Nc6 9. Qd2 Bd7 10. O-O-O Rc8 11. Bb3 Ne5 12. Kb1 Re8 13. h4 h5 14. Bh6 Nc4 15.
Bxc4 Rxc4 16. Bxg7 Kxg7 17. g4 hxg4 18. h5 Rh8 19. fxg4 Bxg4 20. hxg6 fxg6 21.
Rdf1 Rxh1 22. Rxh1 Qa5 23. Qd3 Rc8 24. a3 Qe5 25. Rg1 Rh8 26. Rg3 Rh4 27. Ka2
a6 28. b3 e6 29. Re3 Kf7 30. Qc4 Qc5 31. Qd3 Rh5 32. Na4 Qc7 33. Nb2 d5 34.
exd5 Rxd5 35. Nc4 e5 36. Qf1 exd4 0-1

[Event "17. Europa ch Juvenil - Masculino s14"]
[Site "Sibenik CRO"]
[Date "2007.09.17"]
[Round "4.3"]
[White "Aghasaryan, Robert"]
[Black "Stukopin, Andrey"]
[Result "1/2-1/2"]
[WhiteElo "2198"]
[BlackElo "2349"]
[PlyCount "48"]
[EventDate "2007.09.14"]
[EventType "swiss"]
[EventRounds "9"]
[EventCountry "CRO"]
[Source "lmi"]
[SourceDate "2007.09.14"]

1. d4 d5 2. c4 dxc4 3. Nf3 Nf6 4. e3 e6 5. Bxc4 a6 6. O-O c5 7. dxc5 Qxd1 8.
Rxd1 Bxc5 9. Nbd2 O-O 10. Be2 Rd8 11. a3 Be7 12. b4 b6 13. Bb2 Bb7 14. Nc4 Nbd7
15. Rac1 Rac8 16. Nd4 Rc7 17. f3 Rdc8 18. g3 Bd5 19. Nd2 Rxc1 20. Rxc1 Rxc1+
21. Bxc1 a5 22. e4 Bb7 23. bxa5 bxa5 24. N2b3 a4 1/2-1/2

[Event "17. Europa ch Juvenil - Masculino s14"]
[Site "Sibenik CRO"]
[Date "2007.09.17"]
[Round "4.4"]
[White "Swiercz, Dariusz"]
[Black "Petenyi, Tamas"]
[Result "1/2-1/2"]
[WhiteElo "2281"]
[BlackElo "2180"]
[PlyCount "38"]
[EventDate "2007.09.14"]
[EventType "swiss"]
[EventRounds "9"]
[EventCountry "CRO"]
[Source "lmi"]
[SourceDate "2007.09.14"]

1. e4 c5 2. Nf3 d6 3. d4 cxd4 4. Nxd4 Nf6 5. Nc3 e6 6. g4 h6 7. Bg2 a6 8. Be3
Nc6 9. h3 Ne5 10. Qe2 g5 11. Nf3 Nfd7 12. Nxe5 Nxe5 13. h4 Rg8 14. hxg5 hxg5
15. O-O-O Bd7 16. Rh5 Be7 17. Rh7 Qa5 18. Bd2 Qc5 19. Be3 Qa5 1/2-1/2

[Event "17. Europa ch Juvenil - Masculino s14"]
[Site "Sibenik CRO"]
[Date "2007.09.17"]
[Round "4.5"]
[White "Firat, Burak"]
[Black "Urkedal, Frode"]
[Result "0-1"]
[WhiteElo "2113"]
[BlackElo "2235"]
[PlyCount "108"]
[EventDate "2007.09.14"]
[EventType "swiss"]
[EventRounds "9"]
[EventCountry "CRO"]
[Source "lmi"]
[SourceDate "2007.09.14"]

1. e4 c5 2. Nf3 d6 3. d4 cxd4 4. Nxd4 Nf6 5. Nc3 a6 6. f3 e6 7. Be3 Be7 8. Qd2
Nc6 9. O-O-O O-O 10. g4 Nxd4 11. Bxd4 b5 12. Kb1 Bb7 13. g5 Nd7 14. h4 Ne5 15.
Qf2 Qc7 16. Bd3 b4 17. Ne2 Nxd3 18. cxd3 Rfc8 19. Rc1 Qd7 20. Be3 a5 21. Rhg1
Ba6 22. Rcd1 d5 23. e5 Qc7 24. Ka1 Qxe5 25. Bf4 Qf5 26. Qh2 Bc5 27. Rg4 e5 28.
Bxe5 Bxd3 29. Re1 Qxf3 30. Rf4 Qe3 31. Rff1 Bf8 32. Bf4 Qb6 33. Qg3 Qa6 34. Rf2
Re8 35. Be5 Rac8 36. Nc1 Be4 37. Nb3 a4 38. Nd4 a3 39. Qf4 axb2+ 40. Rxb2 Qa7
41. Nb3 Bg6 42. Rh1 Rc4 43. Bd4 Qd7 44. h5 Be4 45. Rf1 Bd3 46. Rd1 Bc2 47. Rf1
Re4 48. Qb8 Bxb3 49. g6 Rc8 50. gxf7+ Qxf7 51. Qxc8 Qxf1+ 52. Rb1 Qc4 53. Qxc4
Bxc4 54. Rd1 Be7 0-1

[Event "17. Europa ch Juvenil - Masculino s14"]
[Site "Sibenik CRO"]
[Date "2007.09.17"]
[Round "4.6"]
[White "Bogdanovich, Stanislav"]
[Black "Pavlidis, Antonios"]
[Result "1-0"]
[WhiteElo "2217"]
[BlackElo "2175"]
[PlyCount "107"]
[EventDate "2007.09.14"]
[EventType "swiss"]
[EventRounds "9"]
[EventCountry "CRO"]
[Source "lmi"]
[SourceDate "2007.09.14"]

1. e4 e5 2. Nf3 Nc6 3. Bb5 a6 4. Ba4 d6 5. Bxc6+ bxc6 6. d4 exd4 7. Qxd4 c5 8.
Qd3 g6 9. Bg5 f6 10. Bh4 Bg7 11. O-O Ne7 12. Nc3 O-O 13. e5 dxe5 14. Qc4+ Kh8
15. Rad1 Qe8 16. Qxc5 Bg4 17. Qxc7 Nf5 18. Bg3 Rb8 19. Ne4 Rxb2 20. Nd6 Nxd6
21. Rxd6 Rxa2 22. Rfd1 Qa4 23. h3 Rxc2 24. Qe7 Bxf3 25. Rd8 Rc8 26. R8d7 Qxd7
27. Rxd7 Rg8 28. gxf3 Rce8 29. Qf7 Ref8 30. Qe6 a5 31. Ra7 Ra8 32. Rxa8 Rxa8
33. Qd5 Re8 34. Qxa5 Rc8 35. Qd5 Rc1+ 36. Kg2 Rc8 37. f4 exf4 38. Bxf4 Re8 39.
Be3 f5 40. Bd4 Bxd4 41. Qxd4+ Kg8 42. Kg3 Re4 43. Qf6 Re8 44. Kf4 Rf8 45. Qe5
h6 46. h4 Rf7 47. Qe8+ Kg7 48. h5 gxh5 49. Kg3 f4+ 50. Kh4 Rf5 51. Qe6 Rg5 52.
f3 Rg1 53. Qd7+ Kg6 54. Qd6+ 1-0

[Event "17. Europa ch Juvenil - Masculino s14"]
[Site "Sibenik CRO"]
[Date "2007.09.17"]
[Round "4.7"]
[White "Baghdasaryan, Vahe"]
[Black "Lagarde, Maxime"]
[Result "1-0"]
[WhiteElo "2094"]
[BlackElo "2200"]
[PlyCount "77"]
[EventDate "2007.09.14"]
[EventType "swiss"]
[EventRounds "9"]
[EventCountry "CRO"]
[Source "lmi"]
[SourceDate "2007.09.14"]

1. e4 c5 2. Nf3 d6 3. d4 cxd4 4. Nxd4 Nf6 5. Nc3 a6 6. Bg5 e6 7. f4 Nc6 8. e5
h6 9. Bh4 g5 10. fxg5 Nd5 11. Nxd5 exd5 12. exd6 Bxd6 13. Nxc6 bxc6 14. Qd4
Qe7+ 15. Be2 Be5 16. Qa4 Rb8 17. g6 Qb4+ 18. Qxb4 Rxb4 19. gxf7+ Kxf7 20. O-O+
Ke6 21. Bf2 Kd6 22. Rab1 Rxb2 23. Rxb2 Bxb2 24. Rd1 Be5 25. Rb1 Bf5 26. Rb6 Ra8
27. Bd3 Bxd3 28. cxd3 Bc3 29. g4 Bd2 30. d4 Ke6 31. a4 h5 32. gxh5 Kf5 33. Kf1
Kg5 34. Be1 Be3 35. Bc3 Kxh5 36. Ke2 Bg1 37. Kd3 c5 38. dxc5 Rc8 39. Rxa6 1-0

[Event "17. Europa ch Juvenil - Masculino s14"]
[Site "Sibenik CRO"]
[Date "2007.09.17"]
[Round "4.8"]
[White "Toropov, Pavel"]
[Black "Zherebukh, Yaroslav"]
[Result "0-1"]
[WhiteElo "2153"]
[BlackElo "2418"]
[PlyCount "96"]
[EventDate "2007.09.14"]
[EventType "swiss"]
[EventRounds "9"]
[EventCountry "CRO"]
[Source "lmi"]
[SourceDate "2007.09.14"]

1. e4 c5 2. Nf3 e6 3. c3 Nf6 4. e5 Nd5 5. d4 cxd4 6. cxd4 d6 7. Nc3 Nc6 8. Bd3
Be7 9. O-O O-O 10. Qe2 dxe5 11. dxe5 Nxc3 12. bxc3 g6 13. Bh6 Re8 14. Rfd1 Qc7
15. h4 b6 16. h5 Bb7 17. Qe3 Na5 18. Ng5 Nc4 19. Qg3 Nxe5 20. hxg6 hxg6 21.
Nxe6 fxe6 22. Bxg6 Nf3+ 23. gxf3 Qxg3+ 24. fxg3 Red8 25. Kf2 Bf6 26. Rac1 b5
27. Be3 Rxd1 28. Rxd1 Bd5 29. Be4 Bxe4 30. fxe4 Bxc3 31. Bd4 Rd8 32. Ke3 e5 33.
Bxe5 Rxd1 34. Bxc3 Rg1 35. Kf4 Rb1 36. a3 Rb3 37. Bb4 Kf7 38. g4 Ke6 39. g5 Rb1
40. Bc5 a5 41. Bd4 Rb3 42. Bc5 b4 43. axb4 a4 44. b5 a3 45. Bd4 Rxb5 46. g6 a2
47. g7 Kf7 48. e5 Kxg7 0-1

[Event "17. Europa ch Juvenil - Masculino s14"]
[Site "Sibenik CRO"]
[Date "2007.09.17"]
[Round "4.9"]
[White "Dubessay, Bastien"]
[Black "Plat, Vojtech"]
[Result "0-1"]
[WhiteElo "2117"]
[BlackElo "2279"]
[PlyCount "66"]
[EventDate "2007.09.14"]
[EventType "swiss"]
[EventRounds "9"]
[EventCountry "CRO"]
[Source "lmi"]
[SourceDate "2007.09.14"]

1. d4 Nf6 2. c4 g6 3. Nc3 d5 4. cxd5 Nxd5 5. e4 Nxc3 6. bxc3 Bg7 7. Bc4 O-O 8.
Ne2 c5 9. O-O Nc6 10. Be3 cxd4 11. cxd4 b6 12. Qd2 Bb7 13. Rac1 Rc8 14. Rfd1
Qd7 15. Bb5 Qd6 16. Bf4 e5 17. Bxc6 Bxc6 18. dxe5 Qxd2 19. Rxd2 Bxe4 20. Rd7
Rxc1+ 21. Nxc1 Ra8 22. f3 Bf5 23. Rb7 Be6 24. Nb3 Bf8 25. Be3 Ba3 26. Bg5 a5
27. Bc1 a4 28. Bxa3 axb3 29. Bb2 bxa2 30. Rxb6 a1=Q+ 31. Bxa1 Rxa1+ 32. Kf2 Ra5
33. f4 Ra2+ 0-1